Catálogo
 En Linea

Mensaje que dirige a sus compatriotas el generalísimo Doctor Rafael Leónidas Trujillo Molina. Benefactor de la patria, con motivo del décimo aniversario de haber asumido la dirección política del pueblo dominicano. (Registro nro. 30036)

Detalles MARC
000 -CABECERA
campo de control de longitud fija 00695nam a2200157 a 4500
001 - NÚMERO DE CONTROL
campo de control 000030544
005 - FECHA Y HORA DE LA ÚLTIMA TRANSACCIÓN
campo de control 20200930062353.0
008 - DATOS DE LONGITUD FIJA--INFORMACIÓN GENERAL
campo de control de longitud fija 110523q1940 dr c 000 | spa d
040 ## - FUENTE DE LA CATALOGACIÓN
Centro catalogador/agencia de origen DO-SdBNP
Lengua de catalogación spa
Centro/agencia transcriptor BNPHU
082 ## - NÚMERO DE LA CLASIFICACIÓN DECIMAL DEWEY
Número de clasificación xxx
Número de documento/Ítem T866m
049 ## - FONDOS LOCALES (OCLC)
Fondos de biblioteca BNPD
100 1# - ENTRADA PRINCIPAL--NOMBRE DE PERSONA
Nombre de persona República Dominicana.
Numeración Presidente (1930-1961 : Trujillo)
9 (RLIN) 56215
245 10 - MENCIÓN DE TÍTULO
Título Mensaje que dirige a sus compatriotas el generalísimo Doctor Rafael Leónidas Trujillo Molina. Benefactor de la patria, con motivo del décimo aniversario de haber asumido la dirección política del pueblo dominicano.
260 ## - PUBLICACIÓN, DISTRIBUCIÓN, ETC.
Lugar de publicación, distribución, etc. Ciudad Trujillo, República Dominicana :
Nombre del editor, distribuidor, etc. Imprenta Listín Diario,
Fecha de publicación, distribución, etc. [1940?].
300 ## - DESCRIPCIÓN FÍSICA
Extensión 16 p. :
Otras características físicas retr. ;
Dimensiones 24 cm.
Existencias
Estado de retiro Estado de pérdida Restricciones de uso No para préstamo Código de colección Localización permanente Ubicación/localización actual Ubicación en estantería Fecha de adquisición Número de inventario Total de préstamos Signatura topográfica completa Código de barras Fecha visto por última vez Precio válido a partir de Tipo de ítem Koha Nota pública
      Excluido de préstamo Raros y valiosos Patrimonio Dominicano Patrimonio Dominicano En catalogación 23.05.2011 LF1   xxx T866m 30544-10 25.06.2020 25.06.2020 No se presta Perteneció a la biblioteca personal de Carlos Larrazábal Blanco.

Con tecnología Koha